Tribhuvan University Central Library

समाजशास्त्रः (Record no. 118423)

MARC details
000 -LEADER
fixed length control field 00721nam a2200193 4500
008 - FIXED-LENGTH DATA ELEMENTS--GENERAL INFORMATION
fixed length control field 241212b |||||||| |||| 00| 0 eng d
020 ## - INTERNATIONAL STANDARD BOOK NUMBER
International Standard Book Number 9789937913324
041 ## - LANGUAGE CODE
Language code of original Nep.
082 ## - DEWEY DECIMAL CLASSIFICATION NUMBER
Edition number 23rd.
Classification number N301/A417s
100 ## - MAIN ENTRY--PERSONAL NAME
Personal name आचार्य, बलराम
241 ## - ROMANIZED TITLE (BK AM CF MP MU VM)
Romanized title Samajshastra/Balram Acharya
245 ## - TITLE STATEMENT
Title समाजशास्त्रः
Remainder of title कक्षा १२ /
Statement of responsibility, etc. बलराम आचार्य.
260 ## - PUBLICATION, DISTRIBUTION, ETC.
Place of publication, distribution, etc. काठमाण्डौँ:
Name of publisher, distributor, etc. नेसनल बुक सेन्टर ,
Date of publication, distribution, etc. २०७८वि.
300 ## - PHYSICAL DESCRIPTION
Extent २३१ पृ. : सचित्र.
504 ## - BIBLIOGRAPHY, ETC. NOTE
Bibliography, etc. note Include bibliography
650 ## - SUBJECT ADDED ENTRY--TOPICAL TERM
Topical term or geographic name entry element समाजशास्त्र
650 ## - SUBJECT ADDED ENTRY--TOPICAL TERM
Topical term or geographic name entry element Sociology
942 ## - ADDED ENTRY ELEMENTS (KOHA)
Source of classification or shelving scheme Dewey Decimal Classification
Koha item type ISBN
Holdings
Withdrawn status Lost status Source of classification or shelving scheme Damaged status Not for loan Home library Current library Date acquired Total Checkouts Full call number Barcode Date last seen Price effective from Koha item type
    Dewey Decimal Classification     Tribhuvan University Central Library Tribhuvan University Central Library 12/12/2024   N301/A417s IS27957 12/12/2024 12/12/2024 ISBN
    Dewey Decimal Classification     Tribhuvan University Central Library Tribhuvan University Central Library 12/12/2024   N301/A417s IS27958 12/12/2024 12/12/2024 ISBN